00309nam a2200109Ia 4500008004100000082001000041100003700051245002700088260003000115630002700145730002700172100328s9999 xx 000 0 und d b62936 aमांडके अलका. aहृदयस्थ. bग्रंथाली. aहृदयस्थ. aहृदयस्थ.